00370nam a2200133Ia 4500008004100000020002200041040002900063050002300092100002300115245003500138260004100173942000700214999001500221230104s9999||||xx |||||||||||||| ||und|| a978-0-324-314-410 cChuka University Library aHF 5679 bR36 2006 aRama, Dasaratha V. 0aAccounting Information Systems aThomson South-WesternbShentonc2006 cBK c6285d6285